000 00782cab a22002175a 4500
001 L159923
008 150113e2017 xxk 000 0 eng d
035 _a(Sirsi) u159923
041 0 _aeng
050 _a692.2 $2 18
100 1 _aDefries, Tony
245 0 0 _aInspection misconception
_h[electronic resource]
260 _aLondon
_bRICS
_c2017
490 _aRICS Building Surveying Journal
_vMarch - April 2017, 14(1)
520 _aClarifies what compliance with the Building Regulations means - and the consequences of overlooking your responsibilities.
651 4 _aUnited Kingdom
_y
690 _aBuilding regulations
_96224
856 4 0 _uhttps://issuu.com/ricsmodus/docs/building_surveying_journal_march_ap
_yAvailable free online via Issuu
856 4 0 _u
_z
942 _n0
999 _c85068
_d85068